000 00843cam a2200229 4500
001 ABS63911
008 000000n2001 000 0 eng u
035 _a(Sirsi) u112090
100 _aHorsey
_A.
245 _aTax cut targeted at empty homes
260 _c2001
490 _aRegeneration and Renewal
_v6 April 2001, 12(1)
520 _aDescribes the chancellor's proposals for changing the VAT rate to aid housing associations and private developers. Gives details of these changes and how they may affect these areas. Mentions that the alterations could help up to 2,500 additional homes to be brought back into use each year.
590 _aABS
650 _aVAT RATE
650 _aBUDGET PROPOSALS
650 _aEMPTY HOMES
650 _aHOUSING ASSOCIATIONS
650 _aDEVELOPERS
690 _aREGENERATION
942 _n0
999 _c66751
_d66751